|
|
|
|
| LEADER |
00000naa a2200000 ar4500 |
| 001 |
vtls009085956 |
| 003 |
SK-MaSNL |
| 005 |
20260302100426.0 |
| 008 |
070808c2006 xo |||| ||| 000 b|slo |
| 015 |
|
|
|a SNBRA2007/08
|2 snkbucl
|
| 038 |
|
|
|a SNKBUCL
|
| 040 |
|
|
|a SNKBUCL
|b slo
|c SNKBUCL
|e AACR2
|
| 041 |
0 |
|
|a slo
|
| 044 |
|
|
|a xo
|c SK
|
| 080 |
|
|
|a 82(091):821.162.4"197"
|2 2001
|
| 080 |
|
|
|a 821.162.4
|x (091)
|x "197"
|2 2001
|
| 080 |
|
|
|a 82.09:821.162.4-3
|2 2001
|
| 080 |
|
|
|a 821.162.4-3.09
|2 2001
|
| 100 |
1 |
|
|a Žemberová, Viera,
|d 1948-
|4 aut
|9 99575
|
| 245 |
1 |
0 |
|a Próza návratov
|b (literárnohistorická panoráma)
|c Viera Žemberová
|
| 504 |
|
|
|a Bibliogr. odkazy
|
| 648 |
|
7 |
|a 20. stor., 70. r.
|2 snkbucl
|9 657093
|
| 650 |
0 |
7 |
|a slovenská próza
|x dejiny
|y 20. stor., 70. r.
|2 snkbucl
|9 771083
|
| 650 |
0 |
7 |
|a slovenská literatúra
|x dejiny
|y 20. stor., 70. r.
|2 snkbucl
|9 771084
|
| 773 |
0 |
|
|t Slovo o slove : zborník Katedry komunikačnej a literárnej výchovy Pedagogickej fakulty Prešovskej univerzity. Ročník 12
|d Prešov : Prešovská univerzita, 2006
|g S. 147-155
|z 808068491X
|
| 852 |
|
|
|a SNK
|b KIS3GCP
|
| 958 |
|
|
|a NB
|
| 958 |
|
|
|a LX
|
| 958 |
|
|
|a SK
|
| 999 |
|
|
|c 1220074
|d 1222004
|